| 000 | 00000nam##2200000za#4500 |
| 001 | 9.575709 |
| 003 | CaOODSP |
| 005 | 20210624184807 |
| 007 | cr ||||||||||| |
| 008 | 150406|2009||||xxc|||||o f|0| 0 eng|d |
| 040 | |aCaOODSP|beng |
| 043 | |an-cn--- |
| 086 | 1 |aTU3-5/09-9E-PDF |
| 110 | 2 |aTransportation Safety Board of Canada. |
| 245 | 10|aIn-flight breakup of the right wing Aventurier C-GZIR Lac au Mirage, Quebec, 13 May 2009 |h[electronic resource] |
| 260 | |aGatineau - Quebec : |bTransportation Safety Board of Canada |c[2009]. |
| 300 | |a13p.|bcoloured illus. |
| 490 | 1 |aAviation investigation report |vA09Q0071 |
| 590 | |a13-06-Supp|b2013-03-19 |
| 775 | 08|tDislocation de l'aile droite en vol de l'Aventurier C-GZIR au lac au Mirage (Québec), le 13 mai 2009 |w(CaOODSP)9.605182 |
| 830 | #0|aAviation investigation report ;|vA09Q0071|w(CaOODSP)9.504825 |
| 856 | 40|ahttp://publications.gc.ca|qPDF|s365 KB|uhttps://publications.gc.ca/collections/collection_2013/bst-tsb/TU3-5-09-9-eng.pdf|yA09Q0071 |